| 000 | 00766nam a22001575i 4500 | ||
|---|---|---|---|
| 001 | 171192 | ||
| 003 | ES-MaACL | ||
| 005 | 20230906214549.0 | ||
| 008 | 090504s1868 sp |||| | spa d | ||
| 100 | 1 |
_aCaballero y Valero, Víctor. _9140013 |
|
| 245 | 1 | 0 |
_aFrancisco Montes _b: comedia en un acto original y en verso / _cpor Víctor Caballero y Valero. |
| 260 |
_aCádiz : _b[s.n.], _c1868 ( _fImp. de la Revista Médica) |
||
| 300 |
_a39 p. ; _c18 cm. |
||
| 500 | _aEn port.: Representada cinco veces consecutivas con extraordinario éxito en el teatro del Balón de Cádiz. | ||
| 852 |
_aES-MaACL _jF-8589(9) _z.- Enc. pasta epañola _q- Falto de la cub. original _z- Enc. en un vol. facticio formando parte de la col. facticia "Teatro español moderno", vol. 42 |
||
| 999 |
_c171192 _d171192 |
||